Der beredte Italianer (Record no. 6681)

MARC details
000 -CABECERA
campo de control de longitud fija 00779nam a2200205 a 4500
001 - NÚMERO DE CONTROL
campo de control BRCA_7000
005 - FECHA Y HORA DE LA ÚLTIMA TRANSACCIÓN
campo de control 20190320205655.0
008 - DATOS DE LONGITUD FIJA--INFORMACIÓN GENERAL
campo de control de longitud fija 231111s1923----sz-#######---#000-0#ger-#
041 ## - CÓDIGO DE LENGUA
Código de lengua del texto/banda sonora o título independiente ger
044 ## - CÓDIGO DEL PAÍS DE LA ENTIDAD EDITORA/PRODUCTORA
Código MARC del país sz
050 #4 - SIGNATURA TOPOGRÁFICA DE LA BIBLIOTECA DEL CONGRESO
Número de clasificación PC1129.G3
Número de documento/Ítem .B58 1923
100 1# - ENTRADA PRINCIPAL--NOMBRE DE PERSONA
Nombre de persona Bonghi, Georg
9 (RLIN) 17419
245 10 - MENCIÓN DE TÍTULO
Título Der beredte Italianer
Resto del título kleines Handbuch der italienischen Sprache, enthaltend: Grammatik, Gespräche, Lesestücke und Wörtersammlung : eine Anleitung in sehr kurzer Zeit, ohne Hilfe eines Lehrers, leicht und richtig italienisch lesen, schreiben und sprechen lernen
Mención de responsabilidad, etc. herausgegeben von Dr. G. Boughi
260 ## - PUBLICACIÓN, DISTRIBUCIÓN, ETC.
Lugar de publicación, distribución, etc. Zúrich, Suiza
Nombre del editor, distribuidor, etc. Fr. Brothner
Fecha de publicación, distribución, etc. 1923
300 ## - DESCRIPCIÓN FÍSICA
Extensión 200 p.
Dimensiones 16 cm.
500 ## - NOTA GENERAL
Nota general O15
650 14 - PUNTO DE ACCESO ADICIONAL DE MATERIA--TÉRMINO DE MATERIA
Término de materia o nombre geográfico como elemento de entrada Lenguaje Italiano
Subdivisión general Manual
9 (RLIN) 17420
902 ## - CATALOGADOR
Iniciales GFM
942 ## - ELEMENTOS DE PUNTO DE ACCESO ADICIONAL (KOHA)
Fuente del sistema de clasificación o colocación Library of Congress Classification
Tipo de ítem Koha Libros
Holdings
Estado de retiro Estado de pérdida Estado dañado No para préstamo Localización permanente Ubicación/localización actual Fecha de adquisición Número de inventario Total de préstamos Signatura topográfica completa Código de barras Fecha visto por última vez Precio válido a partir de Tipo de ítem Koha
El ejemplar forma parte de la colección y puede ser consultado según las políticas vigentes.       Biblioteca del Museo Franz Mayer (Rogerio Casas-Alatriste) Biblioteca del Museo Franz Mayer (Rogerio Casas-Alatriste) 23/11/2011 O15   PC1129.G3 .B58 1923 (O15) 7447 22/03/2019 22/03/2019 Libros